Comportamiento organizacional: la dinámica del éxito en las organizaciones
Gardado en:
| Autor Principal: | |
|---|---|
| Formato: | Libro |
| Idioma: | Lingua castelá |
| Publicado: |
Ciudad de México
McGraw-Hill
2017
|
| Edición: | 3a. ed |
| Subjects: | |
| Tags: |
Engadir etiqueta
Sen Etiquetas, Sexa o primeiro en etiquetar este rexistro!
|
MARC
| LEADER | 00000cam a2200000 a 4500 | ||
|---|---|---|---|
| 001 | UCC4188 | ||
| 003 | CL-VaPUC | ||
| 008 | 180720e20170000mx |||||||||||||||||spa|d | ||
| 020 | |a 9781456256616 | ||
| 082 | 0 | 4 | |a 658.3 |b CHI |2 21 |
| 100 | |a Chiavenato, Idalberto |e autor |9 88 | ||
| 245 | 1 | 0 | |a Comportamiento organizacional: la dinámica del éxito en las organizaciones |
| 250 | |a 3a. ed | ||
| 300 | |a 445 p | ||
| 942 | |c BK | ||
| 945 | |d 20180720 14:27:00 |a dcastane | ||
| 260 | |a Ciudad de México |b McGraw-Hill |c 2017 | ||
| 650 | 0 | |a Administración del personal |9 260442 | |
| 650 | 0 | |a Recursos humanos |9 228420 | |
| 650 | 0 | |a Planificación estratégica |9 259735 | |
| 650 | 0 | |a Relaciones laborales |9 335971 | |
| 583 | |a last modification |c 20180720 14:27:00 |k Rodrigo Vera | ||
| 999 | |c 371745 |d 371743 | ||
| 952 | |0 0 |1 0 |3 erb |4 0 |6 658_300000000000000_CHI_2017 |7 0 |8 R |9 488888 |a BIBGIM |b BIBGIM |i 5481201 |l 2 |o 658.3 CHI 2017 |p 5481201 |r 2025-01-15 |s 2022-06-08 |w 2019-11-24 |y BK_R |z Catalogado en:20180720 |k COM | ||
| 952 | |0 0 |1 0 |3 erb |4 0 |6 658_300000000000000_CHI_2017 |7 0 |8 R |9 488889 |a BIBGIM |b BIBGIM |i 5481198 |l 2 |o 658.3 CHI 2017 |p 5481198 |r 2025-01-15 |s 2021-01-13 |w 2019-11-24 |y BK_R |z Catalogado en:20180720 |k COM | ||
| 952 | |0 0 |1 0 |3 erb |4 0 |6 658_300000000000000_CHI_2017 |7 0 |8 R |9 488890 |a BIBGIM |b BIBGIM |i 548118K |l 3 |o 658.3 CHI 2017 |p 548118K |r 2025-01-15 |s 2022-05-20 |w 2019-11-24 |y BK_R |z Catalogado en:20180720 |k COM | ||
| 952 | |0 0 |1 0 |3 erb |4 0 |6 658_300000000000000_CHI_2017 |7 0 |8 R |9 488891 |a BIBGIM |b BIBGIM |i 5481171 |o 658.3 CHI 2017 |p 5481171 |r 2025-01-15 |w 2019-11-24 |y BK_R |z Catalogado en:20180720 |k COM | ||
| 952 | |0 0 |1 0 |3 erb |4 0 |6 658_300000000000000_CHI_2017 |7 0 |8 R |9 488892 |a BIBGIM |b BIBGIM |i 5481163 |o 658.3 CHI 2017 |p 5481163 |r 2025-01-15 |w 2019-11-24 |y BK_R |z Catalogado en:20180720 |k COM | ||
| 952 | |0 0 |1 0 |3 erb |4 0 |6 658_300000000000000_CHI_2017 |7 0 |8 R |9 488893 |a BIBGIM |b BIBGIM |i 5481155 |o 658.3 CHI 2017 |p 5481155 |r 2025-01-15 |w 2019-11-24 |y BK_R |z Catalogado en:20180720 |k COM | ||